Langage de programation par Emojis - Statistiques

Statistiques générales
  • Ce quiz a été pris 95 fois
  • Le résultat moyen est 6 sur 15
Statistiques - réponses
Hint Réponse % Correct
🐍 Python
91%
Java
69%
☕📝 Java Script
66%
💎🟥 Ruby
60%
➕➕ Cpp
59%
#️⃣ C Sharp
53%
☪️ C
46%
🧠🖕 BrainFuck
40%
🐫 Camel
36%
🦀 Rust
33%
🔧⚙️🪛 Assembly
23%
🏦 Cobol
16%
✨✨ Css
14%
📥📤 SQL
13%
🔼🟰 Haskell
10%
Aucun quiz correspondant
Distribution des résultats
% des personnes avec chaque résultat
Percentile par nombre de réponses
Votre historique - résultats
Vous n’avez pas pris ce quiz